Представление документа в формате MARC21

Поле Инд. ПП Название Значение
Тип записи a
Библиографический уровень m
001 Контрольный номер ed045d7a-81ee-401d-96d2-33478f85956c
005 Дата корректировки 20140703162908.2
008 Кодируемые данные 080212
020 a ISBN 5-7038-1271-2 (вып. 2)
a ISBN 5-7038-1270-4
c Цена, тираж 180.00
040 a Служба первич. каталог. НБ ТвГУ
041 a Код языка текста rus
h Код языка оригинала rus
080 a Индекс УДК 517.2(075.8)
084 a Индекс другой классификации/Индекс ББК В161.11я73-1
090 x Авторский знак И20
a Полочн. индекс В161.1
100 1_ a Автор Иванова Елена Евгеньевна
245 10 a Заглавие Дифференциальное исчисление функций одного переменного
b Продолж. заглавия учеб. для студентов втузов
c Ответственность Е. Е. Иванова ; под ред. В. С. Зарубина, А. П. Крищенко
250 a Основные сведения об издании 2-е изд.
260 0_ a Место издания Москва
b Издательство МГТУ им. Н. Э. Баумана
c Дата издания 2002
300 a Объем 407 с.
b Иллюстрации/ тип воспроизводства ил.
440 a Серия Математика в техническом университете
490 _0 v N тома вып. 2
504 a Библиография Библиогр.: с. 395-397. - Предм. указ.: с. 398-403.
583 a Действие Получение впервые 23 11.02.2008
k Исполнитель действия Взамен утраченных
650 a Основная рубрика Математический анализ
650 a Основная рубрика Функции одной переменной
x Основная подрубрика Дифференциальное исчисление
x Основная подрубрика Учебники для вузов
653 a Ключевые слова Математический анализ
a Ключевые слова Дифференциальное исчисление
a Ключевые слова Функции одного переменного
a Ключевые слова Функции одной переменной
700 1_ a Другие авторы Зарубин В. С.
e Роль лиц ред.
700 1_ a Другие авторы Крищенко А. П.
e Роль лиц авт.
852 t Порядковый номер экземпляра 1
p Инвентарный номер 902628
863 t 00211042
888 a Бесплатные
930 a Новая/Ретро учебники
952 p 23.2008 180.00 1 902628
c Вид литературы К ру
954 a Дата поступления на обработку 20080214
999 a Подразделение 2 Фил3